| 000 | 01268cam a2200301 i 4500 | ||
|---|---|---|---|
| 001 | sa 68018616 | ||
| 003 | DLC | ||
| 005 | 20260227112713.0 | ||
| 008 | 811023m19571968ii b 000 0 san | ||
| 010 | _asa 68018616 | ||
| 025 | _aPL480:I-San-1136 | ||
| 040 |
_aDLC _cDLC _dDLC |
||
| 043 | _aa-ii--- | ||
| 050 | 0 | 0 |
_aML338.2 _b.K84 |
| 100 | 0 |
_aKumbha, _cMaharana of Mewar, _dactive 1433-1468. |
|
| 245 | 1 | 0 |
_aNr̥tyaratnakośa : _bvividhapāṭhabhedādi samalaṅkr̥ta / _cNr̥pati Kumbhakarṇadeva praṇīta ; sampādaka Rasikalāla Choṭālāla Parīkha tathā Priyabālā Śāhā. |
| 260 |
_aJayapura : _bSañcālaka, Rājasthāna Purātattvānveshaṇa Mandira, _c1957-1968. |
||
| 300 |
_a2 v. (7, 232, 76 p.) ; _c25 cm. |
||
| 490 | 1 |
_aRajasthāna purātana granthamālā ; _vgranthāṅka 24-25 |
|
| 500 | _aVol. 2: Prathamāvrtti. | ||
| 500 | _aVol. 2 has imprint: Rājasthāna Prācyavidyā Pratishṭhāna, Jodhapura. | ||
| 500 | _aIn Sanskrit; introductory matter in Hindi. | ||
| 504 | _aBibliography: p. [75]-76 (last group) | ||
| 650 | 0 |
_aMusic _zIndia _xHistory and criticism. |
|
| 700 | 1 |
_aParikh, Rasiklal Chhotalal, _d1897-1982. |
|
| 700 | 1 |
_aShah, Priyabala, _d1920- |
|
| 830 | 0 |
_aRājasthāna puratana granthamālā ; _vgranthanka 24-25. |
|
| 999 |
_c88537 _d88537 |
||